000 00687cab a2200217 4500
001 ABS37949
008 090401t1987 xxu||||| |||| 00| 0 eng d
035 _a(Sirsi) u7754
041 _aeng
100 _aMacPherson, G.
245 _aQuitting your farm
260 _c1987
350 _a0
490 _aCountryland
_vJune 1987, 24-25(2)
520 _aSelling the farm is probably the biggest deal undertaken by a farmer. Advice and information are given on approach and procedures. The importance of preparing a plan of action is emphasised and its steps are described.
650 _aFARMING
650 _aSALE
690 _aRURAL PRACTICE
942 _n0
948 _c04/03/1997
999 _c4717
_d4717